书目信息 |
| 题名: |
马斯洛
|
|
| 作者: | 李强 , 汪洋 著 | |
| 分册: | ||
| 出版信息: | 西安 陕西师范大学出版总社 2017 |
|
| 页数: | 152页 | |
| 开本: | 24cm | |
| 丛书名: | ||
| 单 册: | ||
| 中图分类: | B84-067 | |
| 科图分类: | ||
| 主题词: | ||
| 电子资源: | ||
| ISBN: | 978-7-5613-8848-8 | |
| 000 | 00909nam0 2200253 450 | |
| 001 | 2162 | |
| 005 | 20180522171209.18 | |
| 010 | @a978-7-5613-8848-8@dCNY20.00 | |
| 100 | @a20170802d2017 em y0chiy50 ea | |
| 101 | 0 | @achi |
| 102 | @aCN@b610000 | |
| 105 | @ay z 000yb | |
| 200 | 1 | @a马斯洛@9ma si luo@f李强,汪洋著 |
| 210 | @a西安@c陕西师范大学出版总社@d2017 | |
| 215 | @a152页@d24cm | |
| 300 | @a大家精要 第一辑 | |
| 330 | @a本书内容包括了马斯洛的早年生活、成长于威斯康星、重返纽约、变革与转折、自我实现理论的问世、布兰代斯的新启程、高峰体验的提出等。 | |
| 600 | 0 | @a马斯洛@c(Maslow, Abraham Harold@f1908-1970)@x生平事迹 |
| 600 | 0 | @a马斯洛@c(Maslow, Abraham Harold@f1908-1970)@x人本心理学@x研究 |
| 690 | @aB84-067@v5 | |
| 701 | 0 | @a李强@9li qiang@c(社会心理学,@f1963.5~)@4著 |
| 701 | 0 | @a汪洋@9wang yang@c(女,@f1986~)@4著 |
| 801 | 0 | @aCN@b91MARC@c20170802 |
| 905 | @aMuseLib@dB84-067@e2260 | |
| 马斯洛/李强,汪洋著.-西安:陕西师范大学出版总社,2017 |
| 152页;24cm |
| 大家精要 第一辑 |
| ISBN 978-7-5613-8848-8:CNY20.00 |
| 本书内容包括了马斯洛的早年生活、成长于威斯康星、重返纽约、变革与转折、自我实现理论的问世、布兰代斯的新启程、高峰体验的提出等。 |
| ● |
| 相关链接 |
|
|
|
|
正题名:马斯洛
索取号:B84-067/2260
 
预约/预借
| 序号 | 登录号 | 条形码 | 馆藏地/架位号 | 状态 | 备注 |
| 1 | 1108205 | 211082059 | 第一样本阅览室/ [索取号:B84-067/2260] | 在馆 | |
| 2 | 1108206 | 211082068 | 教育系资料室/ [索取号:B84-067/2260] | 在馆 | |
| 3 | 1108207 | 211082077 | 教育系资料室/ [索取号:B84-067/2260] | 在馆 | |
| 4 | 1108208 | 211082086 | 第一借阅区/ [索取号:B84-067/2260] | 在馆 |